Europe by native name Quiz Stats

 Plays Quiz not verified by Sporcle

Score 0/47 Timer 04:00
0 Plays Today
Native name Country % Correct
EspañaSpain
98.2%
DeutschlandGermany
98.2%
PortugalPortugal
97.5%
DanmarkDenmark
97.5%
AndorraAndorra
97.5%
MaltaMalta
97.5%
PolskaPoland
97.1%
SlovenijaSlovenia
97.1%
ItaliaItaly
96.8%
FranceFrance
96.8%
België / BelgiqueBelgium
96.8%
Schweiz / Suisse / Svizzera / SvizraSwitzerland
96.8%
LatvijaLatvia
96.8%
NederlandNetherlands
96.4%
NorgeNorway
96.4%
United KingdomUnited Kingdom
96%
TürkiyeTurkey
96%
RomâniaRomania
96%
San MarinoSan Marino
96%
Città del VaticanoVatican City
96%
MoldovaMoldova
95.7%
LiechtensteinLiechtenstein
95.7%
Косово / KosovaKosovo
95.7%
SlovenskoSlovakia
95%
Native name Country % Correct
ÉireIreland
94.2%
ÖsterreichAustria
93.5%
LietuvaLithuania
93.5%
ÍslandIceland
93.5%
LëtzebuergLuxembourg
93.2%
МакедонијаMacedonia
92.1%
ČeskoCzech Republic
91%
SverigeSweden
90.6%
Боснa и ХерцеговинаBosnia and Herzegovina
89.6%
SuomiFinland
87.8%
РоссияRussia
87.4%
ΕλλάδαGreece
87.4%
MagyarországHungary
87.4%
EestiEstonia
85.3%
УкраїнаUkraine
79.1%
БеларусьBelarus
78.4%
БългарияBulgaria
74.1%
HrvatskaCroatia
70.9%
СрбијаSerbia
69.1%
ΚύπροςCyprus
68.3%
MúneguMonaco
66.5%
ShqipëriaAlbania
65.8%
Црна ГораMontenegro
60.1%

You're not logged in!

Compare scores with friends on all Sporcle quizzes.
OR
Log In

Sporcle TV

Today on Sporcle TV


Watch our educational content, quiz creation guides, and fun videos on Sporcle TV.

Show Comments

Extras

Top Quizzes Today


Score Distribution

Your Account Isn't Verified!

In order to create a playlist on Sporcle, you need to verify the email address you used during registration. Go to your Sporcle Settings to finish the process.

Report this User

Report this user for behavior that violates our Community Guidelines.

Details: